000 00562nam a2200181Ia 4500
001 5003
005 20260306145836.0
008 260306t2008||||xx |||||||||||||| ||spa||
041 _aESP
082 _a332.6
_bM61
100 _aPerú. Ministerio de Economía y Finanzas. Dirección General de Programación Multianual del Sector Públic
_eAUT
245 0 _aGuia de orientación Nº 1:
_bnormas del sistema nacional de inversión pública
260 _c2008
300 _a160 páginas :
_c29 cm.
650 _aGEN
654 _aCAN
942 _cLIB
_dJUS
_fJUS
_2ddc
_n
999 _c5003
_d5003